Targeting of transfers in Developing Countries: review of lessons and experience (Record no. 59386)

MARC details
000 -LEADER
fixed length control field 00950nam a2200229 a 4500
008 - FIXED-LENGTH DATA ELEMENTS--GENERAL INFORMATION
fixed length control field 060512s2004 ||||||||||||||||| || u
020 ## - INTERNATIONAL STANDARD BOOK NUMBER
International Standard Book Number 0821357697
050 ## - LIBRARY OF CONGRESS CALL NUMBER
Classification number IBRD(06)RSS/2004/5
100 ## - MAIN ENTRY--PERSONAL NAME
Personal name Hoddinott, John
245 10 - TITLE STATEMENT
Title Targeting of transfers in Developing Countries: review of lessons and experience
Statement of responsibility, etc. David Coady, Margaret Grosh and John Hoddinott
260 ## - PUBLICATION, DISTRIBUTION, ETC.
Place of publication, distribution, etc. Washington, D. C.
Name of publisher, distributor, etc. World Bank
Date of publication, distribution, etc. 2004
300 ## - PHYSICAL DESCRIPTION
Extent xi; 109p.; ill.
350 ## - PRICE (NR) (BK AM CF MU VM SE) [OBSOLETE]
Price 0.00
490 ## - SERIES STATEMENT
Series statement World Bank Regional and Sectoral Studies
500 ## - GENERAL NOTE
General note accompanied with a C. D.
650 #0 - SUBJECT ADDED ENTRY--TOPICAL TERM
Topical term or geographic name entry element DEVELOPING COUNTRIES--ECONOMIC CONDITIONS
650 ## - SUBJECT ADDED ENTRY--TOPICAL TERM
Topical term or geographic name entry element POVERTY--DEVELOPING COUNTRIES
650 ## - SUBJECT ADDED ENTRY--TOPICAL TERM
Topical term or geographic name entry element ECONOMIC ASSISTANCE, DOMESTIC--DEVELOPING COUNTRIES
700 ## - ADDED ENTRY--PERSONAL NAME
Personal name Coady, David
700 ## - ADDED ENTRY--PERSONAL NAME
Personal name Grosh, Margaret
995 ## - RECOMMENDATION 995 [LOCAL, UNIMARC FRANCE]
-- 0.00
-- CBU-MAIN LIBRARY (Kitwe)
-- 1
-- 0.00
-- 1
-- AVAILABLE
-- May 12, 2006
-- International Publications
Holdings
Withdrawn status Lost status Source of classification or shelving scheme Damaged status Not for loan Home library Current library Shelving location Date acquired Total Checkouts Full call number Barcode Date last seen Price effective from Koha item type
          CBU-MAIN LIBRARY, KITWE. CBU-MAIN LIBRARY, KITWE.   11/30/2022   IBRD(06)RSS/2004/5 43986 11/30/2022 11/30/2022 MONOGRAPH